Postavenie a úlohy Najvyššieho kontrolného úradu SR ako nástroja finančnej politiky v prístupovom procese SR do EÚ

Uložené v:
Podrobná bibliografia
Hlavný autor: Beličková, Kornélia, 1966-
Médium: Kapitola
Jazyk:Slovak
Tagy: Pridať tag
Žiadne tagy, Buďte prvý, kto otaguje tento záznam!

MARC

LEADER 00000naa$a2200000$$$4500
001 0062603
005 20240502071716.6
041 0 |a slo 
044 |a SK 
245 1 0 |a Postavenie a úlohy Najvyššieho kontrolného úradu SR ako nástroja finančnej politiky v prístupovom procese SR do EÚ  |c Kornélia Beličková 
100 1 |a Beličková, Kornélia, 1966-